[Event "SVK-ch U2400"]
[Site "Liptovsky Jan"]
[Date "2025.06.15"]
[Round "7"]
[White "Hitka, Dominik"]
[Black "Verbovsky, Michal"]
[Result "1/2-1/2"]
[WhiteElo "1909"]
[BlackElo "2172"]
[PlyCount "46"]
[EventDate "2025.06.12"]
[EventType "swiss"]
[EventRounds "8"]
[EventCountry "SVK"]
[SourceTitle "CB25_2025"]
[SourceDate "2025.06.18"]
[SourceVersion "1"]
[SourceVersionDate "2025.06.18"]
[SourceQuality "1"]

1. e4 c5 2. Nc3 Nc6 3. Bb5 Nd4 4. Nf3 e6 5. 0-0 a6 6. Bd3 Nxf3+ 7. Qxf3 Qc7 8. b3 Bd6 9. h3 Ne7 10. Bb2 Be5 11. Qh5 Ng6 12. g3 Bd4 13. Kg2 b6 14. Nd1 Bxb2 15. Nxb2 Bb7 16. c3 0-0-0 17. Qe2 d5 18. Bxa6 dxe4 19. Qxe4 Rxd2 20. Nc4 Rd5 21. Bxb7+ Qxb7 22. Rad1 Rhd8 23. Ne3 Rxd1 1/2-1/2

[Event "SVK-ch U2400"]
[Site "Liptovsky Jan"]
[Date "2025.06.14"]
[Round "5"]
[White "Verbovsky, Michal"]
[Black "Aliev, Pavel"]
[Result "0-1"]
[WhiteElo "2172"]
[BlackElo "2148"]
[PlyCount "98"]
[EventDate "2025.06.12"]
[EventType "swiss"]
[EventRounds "8"]
[EventCountry "SVK"]
[SourceTitle "CB25_2025"]
[SourceDate "2025.06.18"]
[SourceVersion "1"]
[SourceVersionDate "2025.06.18"]
[SourceQuality "1"]

1. e4 c5 2. Nc3 Nc6 3. Bb5 Nd4 4. Nf3 g6 5. Nxd4 cxd4 6. Ne2 Bg7 7. 0-0 a6 8. Bd3 d5 9. exd5 Qxd5 10. c3 e5 11. b3 Qd6 12. a4 Ne7 13. Ba3 Qd8 14. cxd4 0-0 15. Bc4 exd4 16. Ng3 Re8 17. Qf3 Nf5 18. Nxf5 Bxf5 19. Qxb7 Qf6 20. d3 Rab8 21. Qf3 Be6 22. Qxf6 Bxf6 23. Rfe1 Be7 24. Bxa6 Bxa3 25. Rxa3 Bc4 26. Rxe8+ Rxe8 27. h3 Bxa6 28. b4 Re1+ 29. Kh2 Rb1 30. b5 Bb7 31. Ra2 Rb4 32. Kg3 Bd5 33. Rc2 Rxa4 34. Rc5 Be6 35. Kf4 Rb4 36. g4 Bd7 37. Rd5 Bxb5 38. Ke5 Bxd3 39. Rd8+ Kg7 40. f4 h5 41. f5 f6+ 42. Ke6 Bc4+ 43. Kd6 Rb5 44. Rc8 Bf7 45. fxg6 Bxg6 46. Rc7+ Bf7 47. Kc6 Rd5 48. gxh5 Rxh5 49. Rd7 Rd5 0-1

[Event "SVK-ch U2400"]
[Site "Liptovsky Jan"]
[Date "2025.06.14"]
[Round "6"]
[White "Verbovsky, Michal"]
[Black "Panko, Radoslav"]
[Result "1/2-1/2"]
[WhiteElo "2172"]
[BlackElo "2049"]
[PlyCount "63"]
[EventDate "2025.06.12"]
[EventType "swiss"]
[EventRounds "8"]
[EventCountry "SVK"]
[SourceTitle "CB25_2025"]
[SourceDate "2025.06.18"]
[SourceVersion "1"]
[SourceVersionDate "2025.06.18"]
[SourceQuality "1"]

1. e4 e6 2. d4 d5 3. Bd3 c5 4. exd5 exd5 5. Nf3 c4 6. Be2 Nc6 7. 0-0 Bd6 8. b3 cxb3 9. axb3 Nge7 10. Na3 0-0 11. c4 h6 12. Nb5 Bb8 13. Bb2 Bf5 14. Ne5 a6 15. cxd5 Nb4 16. d6 Ned5 17. Nc7 Bxc7 18. dxc7 Qxc7 19. Rc1 Qa5 20. Ra1 Qd8 21. Qd2 Rc8 22. Rfc1 Qg5 23. Qxg5 hxg5 24. Bc4 Rfe8 25. Ba3 b5 26. Bxd5 Nxd5 27. Rxc8 Rxc8 28. Bc5 f6 29. Nf3 Rc6 30. Nd2 Nc3 31. f3 Re6 32. b4 1/2-1/2

[Event "SVK-ch U2400"]
[Site "Liptovsky Jan"]
[Date "2025.06.13"]
[Round "3"]
[White "Verbovsky, Michal"]
[Black "Petrik, Matus"]
[Result "1-0"]
[WhiteElo "2172"]
[BlackElo "1890"]
[PlyCount "55"]
[EventDate "2025.06.12"]
[EventType "swiss"]
[EventRounds "8"]
[EventCountry "SVK"]
[SourceTitle "CB25_2025"]
[SourceDate "2025.06.18"]
[SourceVersion "1"]
[SourceVersionDate "2025.06.18"]
[SourceQuality "1"]

1. e4 e5 2. Nf3 Nc6 3. Bc4 Nf6 4. d3 Bc5 5. Nc3 h6 6. 0-0 0-0 7. a3 a5 8. Be3 Ba7 9. Bxa7 Rxa7 10. d4 exd4 11. Nxd4 Ne5 12. Ba2 d6 13. f4 Bg4 14. Qe1 Nc6 15. Nxc6 bxc6 16. f5 Re8 17. h3 Bh5 18. g4 Bxg4 19. hxg4 Nxg4 20. Qg3 h5 21. f6 Nxf6 22. Rf5 Re5 23. Rxe5 dxe5 24. Qxe5 Qd2 25. Rd1 Qe3+ 26. Kg2 Ra8 27. Qg3 Re8 28. Rf1 1-0

[Event "SVK-ch U2400"]
[Site "Liptovsky Jan"]
[Date "2025.06.12"]
[Round "1"]
[White "Verbovsky, Michal"]
[Black "Mlynek, Maksymilian"]
[Result "1/2-1/2"]
[WhiteElo "2172"]
[BlackElo "1780"]
[PlyCount "89"]
[EventDate "2025.06.12"]
[EventType "swiss"]
[EventRounds "8"]
[EventCountry "SVK"]
[SourceTitle "CB25_2025"]
[SourceDate "2025.06.18"]
[SourceVersion "1"]
[SourceVersionDate "2025.06.18"]
[SourceQuality "1"]

1. e4 c6 2. d4 d5 3. f3 e6 4. Nc3 Bb4 5. Nge2 dxe4 6. fxe4 b6 7. Be3 Qh4+ 8. Ng3 Nf6 9. Qf3 Qg4 10. Be2 Qxf3 11. Bxf3 0-0 12. 0-0-0 Bb7 13. a3 Be7 14. Rhe1 Na6 15. Bg5 Nd5 16. Bxe7 Nxe7 17. Na4 Rfd8 18. c4 b5 19. Nc5 Nxc5 20. dxc5 bxc4 21. Bh5 Rd3 22. Be2 Rxd1+ 23. Rxd1 Ng6 24. Bxc4 Ne5 25. Be2 Kf8 26. Kc2 a5 27. Rd4 Ke7 28. Nh5 Nd7 29. b4 axb4 30. axb4 Ra2+ 31. Kd1 g6 32. Ng3 Ba6 33. Bxa6 Rxa6 34. Ne2 Ne5 35. Nc3 Ra3 36. Kc2 Ra1 37. Kb3 Rg1 38. Rd2 h5 39. Nd1 Re1 40. Nc3 Rg1 41. b5 cxb5 42. Nxb5 Rb1+ 43. Ka4 Ra1+ 44. Kb4 Rb1+ 45. Ka4 1/2-1/2

[Event "Titled Tuesday intern op 14th Jan Early"]
[Site "Chess.com INT"]
[Date "2025.01.14"]
[Round "5"]
[White "Lisenkov, Svyatoslav"]
[Black "Verbovsky, Michal"]
[Result "1-0"]
[WhiteElo "2187"]
[BlackElo "2194"]
[PlyCount "87"]
[EventDate "2025.01.14"]
[EventType "swiss (blitz)"]
[EventRounds "11"]
[EventCountry "USA"]
[SourceTitle "CB04_2025"]
[SourceDate "2025.01.22"]
[SourceVersion "1"]
[SourceVersionDate "2025.01.22"]
[SourceQuality "1"]

1. e4 c6 2. d4 d5 3. Qf3 dxe4 4. Qxe4 Nf6 5. Qh4 Bf5 6. c3 e6 7. Nf3 Be7 8. Be2 Nbd7 9. 0-0 Nd5 10. Qg3 N7f6 11. Ne5 h5 12. Qxg7 Rh7 13. Qg5 Qc7 14. Bf4 0-0-0 15. Ng6 Nxf4 16. Nxe7+ Qxe7 17. Qxf4 Rg8 18. Nd2 Nd5 19. Qf3 Bg4 20. Qd3 Bxe2 21. Qxh7 Qg5 22. g3 Bxf1 23. Rxf1 h4 24. Nf3 Qg4 25. Ne5 Qg7 26. Qxg7 Rxg7 27. Kg2 hxg3 28. hxg3 Kc7 29. Kf3 Kd6 30. Nd3 f6 31. Rh1 b6 32. Rh6 a5 33. c4 Nb4 34. Nxb4 axb4 35. Rxf6 Ra7 36. g4 Rxa2 37. g5 Rxb2 38. g6 Rb1 39. Kg2 Ra1 40. g7 Ra8 41. Rf8 b3 42. Rxa8 b2 43. g8Q b1Q 44. Qd8# 1-0

[Event "Titled Tuesday intern op 14th Jan Early"]
[Site "Chess.com INT"]
[Date "2025.01.14"]
[Round "9"]
[White "Verbovsky, Michal"]
[Black "Tsyhanchuk, Stanislav"]
[Result "1/2-1/2"]
[WhiteElo "2194"]
[BlackElo "2273"]
[PlyCount "148"]
[EventDate "2025.01.14"]
[EventType "swiss (blitz)"]
[EventRounds "11"]
[EventCountry "USA"]
[SourceTitle "CB04_2025"]
[SourceDate "2025.01.22"]
[SourceVersion "1"]
[SourceVersionDate "2025.01.22"]
[SourceQuality "1"]

1. e4 c5 2. Nc3 Nc6 3. Bb5 Nd4 4. Nf3 Nxb5 5. Nxb5 d6 6. c4 Nf6 7. Nc3 e5 8. 0-0 Be7 9. d3 0-0 10. Ne1 Ne8 11. Nd5 Nc7 12. Nxc7 Qxc7 13. Nc2 f5 14. Ne3 f4 15. Nd5 Qd8 16. f3 Be6 17. Bd2 Bxd5 18. cxd5 Qb6 19. Kh1 g5 20. g4 Kg7 21. Qc2 Rh8 22. Kg2 h5 23. h3 hxg4 24. hxg4 Rh6 25. Rh1 Rah8 26. Rxh6 Rxh6 27. a3 Qd8 28. Rh1 Rxh1 29. Kxh1 Qh8+ 30. Kg2 Qh4 31. Qd1 Qg3+ 32. Kf1 Bd8 33. Be1 Qh3+ 34. Ke2 b5 35. Bf2 Bb6 36. Qf1 Qxf1+ 37. Kxf1 Kf7 38. Ke2 Ke7 39. Kd2 Ba5+ 40. Kc2 a6 41. Kb3 Kd7 42. a4 Ke7 43. Ka3 Bb4+ 44. Kb3 Ba5 45. Ka2 Kd7 46. axb5 axb5 47. Kb3 Bd2 48. Kc2 Ba5 49. Bg1 Ke7 50. Bf2 Kd7 51. d4 cxd4 52. Kd3 Ke7 53. b3 Bb4 54. Kc2 Kd7 55. Kd1 Bc5 56. Kd2 Ke7 57. Kd3 Bb4 58. Ke2 Bc5 59. Be1 Kd7 60. Ba5 Ke7 61. Kd3 Kd7 62. Kc2 Ke7 63. Kd1 Kd7 64. Kd2 Ke7 65. Ke2 Kd7 66. Kd3 Ke7 67. Bc7 Kd7 68. Ba5 Ke7 69. Be1 Kd7 70. b4 Bb6 71. Kc2 Ke7 72. Kd3 Kd7 73. Bf2 Ke7 74. Be1 Kd7 1/2-1/2

[Event "SVK-chT1E 2425"]
[Site "Slovakia"]
[Date "2024.12.07"]
[Round "3.1"]
[White "Peterson, Eric"]
[Black "Verbovsky, Michal"]
[Result "1/2-1/2"]
[WhiteElo "2175"]
[BlackElo "2192"]
[PlyCount "238"]
[EventDate "2024.11.16"]
[EventType "team-tourn"]
[EventRounds "11"]
[EventCountry "SVK"]
[SourceTitle "CB51_2024"]
[SourceDate "2024.12.18"]
[SourceVersion "1"]
[SourceVersionDate "2024.12.18"]
[SourceQuality "1"]
[WhiteTeam "Kezmarok KdV"]
[BlackTeam "Stropkov/Svidnik"]
[WhiteTeamCountry "SVK"]
[BlackTeamCountry "SVK"]

1. e4 c6 2. d4 d5 3. exd5 cxd5 4. c4 Nf6 5. Nc3 g6 6. Qb3 Bg7 7. cxd5 0-0 8. Be2 Nbd7 9. Bf3 Nb6 10. Bg5 Re8 11. Nge2 Bg4 12. Bxf6 Bxf3 13. Bxg7 Bxe2 14. Kxe2 Kxg7 15. Rhd1 Qd6 16. g3 Rad8 17. Rac1 Rd7 18. a3 Red8 19. h4 h5 20. Rd3 Nxd5 21. Nxd5 Qxd5 22. Qxd5 Rxd5 23. Rc7 R8d7 24. Rxd7 Rxd7 25. Rc3 Kf6 26. Ke3 Ke6 27. Ke4 Kd6 28. f3 Rd8 29. Rc5 e6 30. g4 hxg4 31. fxg4 Rh8 32. h5 f5+ 33. Kf4 gxh5 34. gxf5 Rf8 35. Ke4 Rxf5 36. Rc8 Rb5 37. b4 a5 38. bxa5 Rxa5 39. Rh8 Rg5 40. a4 Rg4+ 41. Kd3 h4 42. Rh5 Rg3+ 43. Kc4 h3 44. Kb4 Re3 45. Kc4 Ra3 46. Kb4 Rf3 47. Kc4 b6 48. Rh7 Kc6 49. Rh6 Kd6 50. Rh7 Re3 51. Rh6 Ke7 52. Kb5 Ra3 53. Kb4 Rf3 54. Kb5 Kd6 55. Kc4 Rf4 56. Rh5 e5 57. Rh6+ Kc7 58. Rh7+ Kc6 59. Rh6+ Kd7 60. Rxh3 Rxd4+ 61. Kb5 e4 62. Rh7+ Kd6 63. Rh6+ Kd5 64. Rh5+ Ke6 65. Rh6+ Kf5 66. Rxb6 e3 67. Rb8 Rd5+ 68. Kc4 e2 69. Kxd5 e1Q 70. Rb5 Qd1+ 71. Kc6+ Ke6 72. a5 Qd7+ 73. Kb6 Kd6 74. Rb4 Qc6+ 75. Ka7 Qc5+ 76. Rb6+ Kc7 77. Ka6 Qd5 78. Rh6 Qa8+ 79. Kb5 Qe8+ 80. Ka6 Qg8 81. Rb6 Qc4+ 82. Ka7 Qd4 83. Ka6 Qd8 84. Rb7+ Kc6 85. Rb6+ Kc5 86. Rb5+ Kc4 87. Rb7 Qa8+ 88. Kb6 Qe8 89. Ka7 Qe3+ 90. Rb6 Qc5 91. Ka6 Qc8+ 92. Ka7 Qc7+ 93. Ka6 Qd8 94. Kb7 Kc5 95. Ka7 Qe7+ 96. Ka6 Qd7 97. Rb7 Qc6+ 98. Ka7 Qa4 99. Ka6 Kc6 100. Rb6+ Kc7 101. Rb7+ Kc8 102. Rb6 Qd7 103. Rb5 Qd3 104. Kb6 Kb8 105. Kc6+ Ka7 106. Rc5 Ka6 107. Kc7 Qd4 108. Kc6 Qd8 109. Rd5 Qf6+ 110. Kd7 Qf7+ 111. Kd6 Kb7 112. Rb5+ Kc8 113. Rc5+ Kd8 114. Kc6 Qc7+ 115. Kb5 Qb7+ 116. Kc4 Kd7 117. Rb5 Qc6+ 118. Kb4 Qc2 119. Rb6 Qb2+ 1/2-1/2

[Event "SVK-chT1E 2425"]
[Site "Slovakia"]
[Date "2024.11.16"]
[Round "1.3"]
[White "Verbovsky, Michal"]
[Black "Sulko, Jan"]
[Result "1-0"]
[WhiteElo "2192"]
[BlackElo "1934"]
[PlyCount "111"]
[EventDate "2024.11.16"]
[EventType "team-tourn"]
[EventRounds "11"]
[EventCountry "SVK"]
[SourceTitle "CB51_2024"]
[SourceDate "2024.12.18"]
[SourceVersion "1"]
[SourceVersionDate "2024.12.18"]
[SourceQuality "1"]
[WhiteTeam "Stropkov/Svidnik"]
[BlackTeam "Zvolen Slavia"]
[WhiteTeamCountry "SVK"]
[BlackTeamCountry "SVK"]

1. e4 c5 2. Nc3 d6 3. f4 e5 4. Nf3 Nc6 5. Bb5 Bd7 6. 0-0 Nge7 7. fxe5 Nxe5 8. Nxe5 dxe5 9. Qh5 Ng6 10. Bc4 f6 11. Rf3 a6 12. Rg3 Bg4 13. Qxg4 Qd4+ 14. Re3 Qxc4 15. Nd5 Kf7 16. Nb6 Qd4 17. Nxa8 Qd8 18. Rb3 b5 19. d3 h5 20. Qf5 c4 21. dxc4 Bc5+ 22. Be3 Bxe3+ 23. Rxe3 Qd4 24. Qf2 Rxa8 25. cxb5 axb5 26. c3 Qd7 27. Ree1 Nf4 28. Red1 Qg4 29. Qf3 Qe6 30. g3 Nh3+ 31. Kg2 g6 32. Qd3 Ng5 33. Qd5 Ra7 34. h4 Qxd5 35. Rxd5 Nxe4 36. Rxb5 Ke6 37. a4 Rd7 38. Rb4 f5 39. Rxe4 fxe4 40. a5 Rd2+ 41. Kf1 Rxb2 42. a6 Rb8 43. a7 Ra8 44. Kf2 Kf5 45. Ra5 Kg4 46. Kg2 Kf5 47. c4 e3 48. Kf3 e2 49. Kxe2 Ke4 50. c5 Kd5 51. Ke3 e4 52. Ra4 Kxc5 53. Kxe4 Kb5 54. Ra1 Kb6 55. Kf4 Kb7 56. Kg5 1-0

[Event "Titled Tuesday intern op 24th Sep Early"]
[Site "Chess.com INT"]
[Date "2024.09.24"]
[Round "3"]
[White "Vusatiuk, Vladimir"]
[Black "Verbovsky, Michal"]
[Result "1-0"]
[WhiteElo "2289"]
[BlackElo "2224"]
[PlyCount "111"]
[EventDate "2024.09.24"]
[EventType "swiss (blitz)"]
[EventRounds "11"]
[EventCountry "USA"]
[SourceTitle "EXT 2025"]
[Source "ChessBase"]
[SourceDate "2024.10.14"]
[SourceVersion "1"]
[SourceVersionDate "2024.10.14"]
[SourceQuality "1"]

1. e4 c6 2. d4 d5 3. e5 c5 4. Nf3 Nc6 5. dxc5 Bg4 6. Bb5 e6 7. h3 Qa5+ 8. Nc3 Bxf3 9. Qxf3 Bxc5 10. 0-0 Nge7 11. a3 Qc7 12. Re1 0-0 13. Bd3 Ng6 14. Qh5 a6 15. Bf4 Qb6 16. Bg3 Qxb2 17. Na4 Qd4 18. Nxc5 Qxc5 19. a4 b5 20. axb5 axb5 21. Rab1 b4 22. Qg5 Rab8 23. h4 h6 24. Qg4 Nge7 25. h5 Kh8 26. Bh4 Ng8 27. Qf4 Qc3 28. Re3 b3 29. cxb3 Rxb3 30. Rxb3 Qxb3 31. Rg3 Qd1+ 32. Kh2 Qxh5 33. Be2 Qxe5 34. Qg4 g6 35. Bd3 h5 36. Qf3 Nce7 37. Kh3 Nf5 38. Rg5 Qf6 39. Rxh5+ gxh5 40. Bxf6+ Nxf6 41. Bxf5 exf5 42. Qxf5 Kg7 43. Qg5+ Kh7 44. Qxf6 Rg8 45. Qf5+ Rg6 46. Qxd5 Kh6 47. Qxf7 Rg7 48. Qf6+ Rg6 49. Qf4+ Rg5 50. Kh4 Kh7 51. Qxg5 Kh8 52. Kxh5 Kh7 53. Kg4 Kh8 54. Kf5 Kh7 55. Kf6 Kh8 56. Qg7# 1-0

[Event "Titled Tuesday intern op 17th Sep Early"]
[Site "Chess,com INT"]
[Date "2024.09.17"]
[Round "3"]
[White "Verbovsky, Michal"]
[Black "Nepomniachtchi, Ian"]
[Result "0-1"]
[WhiteElo "2224"]
[BlackElo "2755"]
[PlyCount "84"]
[EventDate "2024.09.17"]
[EventType "swiss (blitz)"]
[EventRounds "11"]
[EventCountry "USA"]
[SourceTitle "EXT 2025"]
[Source "ChessBase"]
[SourceDate "2024.10.14"]
[SourceVersion "1"]
[SourceVersionDate "2024.10.14"]
[SourceQuality "1"]

1. e4 c5 2. Nc3 Nc6 3. Bb5 e6 4. Bxc6 bxc6 5. f4 d5 6. Nf3 c4 7. d3 cxd3 8. cxd3 Nf6 9. 0-0 Be7 10. e5 Nd7 11. d4 0-0 12. Be3 a5 13. Rc1 Ba6 14. Rf2 c5 15. Ng5 h6 16. Nf3 Rc8 17. f5 cxd4 18. Bxd4 exf5 19. Nxd5 Rxc1 20. Nxe7+ Qxe7 21. Qxc1 Qe6 22. b3 Rc8 23. Rc2 Rxc2 24. Qxc2 Bb7 25. Qc4 Bd5 26. Qc3 Qa6 27. e6 Qxe6 28. Bxg7 Bxf3 29. Bxh6 Qxh6 30. gxf3 Qb6+ 31. Kg2 Kh7 32. Qc4 Kg6 33. h4 Nf6 34. Qf4 Qe6 35. Qd2 Kh7 36. a4 Nh5 37. Qxa5 Qe2+ 38. Kg1 Qe3+ 39. Kg2 Nf4+ 40. Kg3 Ne2+ 41. Kg2 Qg1+ 42. Kh3 Qg3# 0-1

[Event "Titled Tuesday intern op 17th Sep Early"]
[Site "Chess,com INT"]
[Date "2024.09.17"]
[Round "2"]
[White "Verbovsky, Michal"]
[Black "Solovjov, Alexandr"]
[Result "1-0"]
[WhiteElo "2224"]
[BlackElo "2237"]
[PlyCount "83"]
[EventDate "2024.09.17"]
[EventType "swiss (blitz)"]
[EventRounds "11"]
[EventCountry "USA"]
[SourceTitle "EXT 2025"]
[Source "ChessBase"]
[SourceDate "2024.10.14"]
[SourceVersion "1"]
[SourceVersionDate "2024.10.14"]
[SourceQuality "1"]

1. e4 c5 2. Nc3 d6 3. f4 e6 4. Nf3 Nc6 5. Bb5 Bd7 6. d4 cxd4 7. Bxc6 dxc3 8. Bxd7+ Qxd7 9. bxc3 Qc6 10. 0-0 Qxe4 11. Re1 Qc6 12. f5 e5 13. Ba3 0-0-0 14. Rb1 Nf6 15. Qe2 Nd5 16. Qd3 Nxc3 17. Rb3 Na4 18. c4 Nc5 19. Bxc5 dxc5 20. Qe3 f6 21. h3 Bd6 22. Nd2 Bc7 23. Ne4 b6 24. Nc3 Rd4 25. Nd5 Kb7 26. Rd3 Rd8 27. Rxd4 cxd4 28. Qd3 Bd6 29. Rd1 Bc5 30. Rc1 Re8 31. Qe4 a5 32. Rc2 Ka7 33. Kh2 Qa4 34. g3 Qd7 35. Kg2 g6 36. Nxf6 Qe7 37. Nxe8 Qxe8 38. fxg6 hxg6 39. Rf2 Qe7 40. Qd5 Ka6 41. Rf7 Qe8 42. Qb7# 1-0

[Event "Titled Tuesday intern op 17th Sep Early"]
[Site "Chess,com INT"]
[Date "2024.09.17"]
[Round "6"]
[White "Verbovsky, Michal"]
[Black "Tsyhanchuk, Stanislav"]
[Result "1-0"]
[WhiteElo "2224"]
[BlackElo "2273"]
[PlyCount "61"]
[EventDate "2024.09.17"]
[EventType "swiss (blitz)"]
[EventRounds "11"]
[EventCountry "USA"]
[SourceTitle "EXT 2025"]
[Source "ChessBase"]
[SourceDate "2024.10.14"]
[SourceVersion "1"]
[SourceVersionDate "2024.10.14"]
[SourceQuality "1"]

1. e4 c5 2. Nc3 Nc6 3. Bb5 Nd4 4. Nf3 Nxb5 5. Nxb5 a6 6. Nc3 e6 7. d4 cxd4 8. Qxd4 Qc7 9. 0-0 Nf6 10. Bg5 Bc5 11. Qd3 Nh5 12. e5 f6 13. exf6 gxf6 14. Be3 Nf4 15. Bxf4 Qxf4 16. Ne4 Be7 17. Rad1 b5 18. Rfe1 Rg8 19. Kf1 d5 20. Nc3 Qh6 21. Nxd5 Bc5 22. Nc7+ Kf7 23. Nxa8 Qg7 24. g3 e5 25. Qd7+ Bxd7 26. Rxd7+ Be7 27. Nb6 Ke6 28. Nd4+ Kf7 29. Nf5 Qf8 30. Rxe7+ Kg6 31. g4 1-0

[Event "Titled Tuesday intern op 10th Sep Early"]
[Site "Chess,com INT"]
[Date "2024.09.10"]
[Round "9"]
[White "Idnani, Taran"]
[Black "Verbovsky, Michal"]
[Result "1-0"]
[WhiteElo "1993"]
[BlackElo "2224"]
[PlyCount "57"]
[EventDate "2024.09.10"]
[EventType "swiss (blitz)"]
[EventRounds "11"]
[EventCountry "USA"]
[SourceTitle "EXT 2025"]
[Source "ChessBase"]
[SourceDate "2024.10.14"]
[SourceVersion "1"]
[SourceVersionDate "2024.10.14"]
[SourceQuality "1"]

1. e4 c6 2. d4 d5 3. e5 c5 4. dxc5 e6 5. a3 Bxc5 6. b4 Bb6 7. Bb2 Ne7 8. Nf3 0-0 9. Bd3 h6 10. Nbd2 Nbc6 11. 0-0 Ng6 12. Re1 Bd7 13. Nb3 Nh4 14. g3 Ng6 15. Nbd4 Nxd4 16. Bxd4 Rc8 17. c3 Bxd4 18. cxd4 Qe8 19. Rc1 Qe7 20. Qd2 f5 21. exf6 Qxf6 22. Rxc8 Rxc8 23. Ne5 Nxe5 24. Rxe5 Rf8 25. f4 Rc8 26. Be2 Qg6 27. Bd3 Qg4 28. Kg2 h5 29. h3 1-0

[Event "Skalica op"]
[Site "Skalica"]
[Date "2024.08.05"]
[Round "3"]
[White "Verbovsky, Michal"]
[Black "Mica, Marek"]
[Result "1-0"]
[WhiteElo "2194"]
[BlackElo "2371"]
[PlyCount "77"]
[EventDate "2024.08.03"]
[EventType "swiss"]
[EventRounds "9"]
[EventCountry "SVK"]
[SourceTitle "CBM 221 Extra"]
[Source "ChessBase"]
[SourceDate "2024.09.30"]
[SourceVersion "1"]
[SourceVersionDate "2024.09.30"]
[SourceQuality "1"]

1. e4 c6 2. Nc3 d5 3. Nf3 a6 4. h3 d4 5. Ne2 c5 6. Ng3 Nc6 7. Bc4 e6 8. a4 Bd6 9. d3 Nge7 10. 0-0 Ng6 11. Ne1 Bxg3 12. fxg3 b6 13. Nf3 h6 14. Bd2 Qd6 15. e5 Qc7 16. Qe2 Bb7 17. Rae1 Nce7 18. Nh4 Nxh4 19. gxh4 Qc6 20. Rf2 Nf5 21. Rxf5 exf5 22. e6 0-0 23. exf7+ Kh8 24. Qf2 b5 25. Be6 Ra7 26. Qg3 Bc8 27. axb5 axb5 28. Bxh6 Raxf7 29. Bxf7 Rxf7 30. Bf4 Bb7 31. h5 Kg8 32. Qg5 c4 33. Re2 cxd3 34. cxd3 Kh7 35. Qd8 Qd5 36. Qh4 Qc6 37. Kh2 b4 38. Qd8 Qd5 39. Qb6 1-0

[Event "SVK-chT1E 2223"]
[Site "Slovakia"]
[Date "2023.12.17"]
[Round "6.2"]
[White "Verbovsky, Michal"]
[Black "Papanetz, Peter"]
[Result "1-0"]
[WhiteElo "2147"]
[BlackElo "2082"]
[PlyCount "99"]
[EventDate "2023.10.21"]
[EventType "team-tourn"]
[EventRounds "11"]
[EventCountry "SVK"]
[SourceTitle "EXT 2025"]
[Source "ChessBase"]
[SourceDate "2024.10.14"]
[SourceVersion "1"]
[SourceVersionDate "2024.10.14"]
[SourceQuality "1"]
[WhiteTeam "Stropkov/Svidnik"]
[BlackTeam "Zvolen Slavia"]
[WhiteTeamCountry "SVK"]
[BlackTeamCountry "SVK"]

1. e4 c5 2. Nc3 Nc6 3. Bb5 Nd4 4. Nf3 e6 5. 0-0 Nxb5 6. Nxb5 d6 7. c4 e5 8. Ne1 Be7 9. d3 Nf6 10. Nc2 0-0 11. f4 exf4 12. Bxf4 Ng4 13. Ne3 Nxe3 14. Bxe3 Bf6 15. Qd2 Be5 16. d4 cxd4 17. Bxd4 Qh4 18. Bxe5 dxe5 19. Nc7 Rd8 20. Qc3 Rb8 21. Qxe5 Bg4 22. Qf4 Qh5 23. Nd5 Be6 24. Rad1 h6 25. Qc7 Kh7 26. Nf6+ gxf6 27. Rxd8 Rxd8 28. Qxd8 Qc5+ 29. Rf2 Qxc4 30. Qxf6 Qxe4 31. a3 Qe3 32. h3 a5 33. Qc3 Qb6 34. Qc2+ Kg8 35. Kh2 Qd6+ 36. Kg1 b6 37. Qd2 Qf8 38. Qe3 b5 39. Qg3+ Qg7 40. Qb8+ Kh7 41. Qxb5 a4 42. Qd3+ Kh8 43. Qc3 Kh7 44. Qxg7+ Kxg7 45. Rf4 Bb3 46. Kf2 Kg6 47. Rb4 Bc2 48. Ke3 f5 49. g3 Kg5 50. Kd2 1-0

[Event "SVK-chT1E 2223"]
[Site "Slovakia"]
[Date "2023.12.16"]
[Round "5.2"]
[White "Verbovsky, Michal"]
[Black "Cisko, Matej"]
[Result "1/2-1/2"]
[WhiteElo "2147"]
[BlackElo "2106"]
[PlyCount "97"]
[EventDate "2023.10.21"]
[EventType "team-tourn"]
[EventRounds "11"]
[EventCountry "SVK"]
[SourceTitle "EXT 2025"]
[Source "ChessBase"]
[SourceDate "2024.10.14"]
[SourceVersion "1"]
[SourceVersionDate "2024.10.14"]
[SourceQuality "1"]
[WhiteTeam "Stropkov/Svidnik"]
[BlackTeam "Kezmarok KdV"]
[WhiteTeamCountry "SVK"]
[BlackTeamCountry "SVK"]

1. e4 c5 2. Nc3 e6 3. f4 d5 4. Nf3 dxe4 5. Nxe4 Nc6 6. Bb5 Bd7 7. Qe2 Nf6 8. f5 Be7 9. fxe6 Bxe6 10. Neg5 Bg4 11. Bxc6+ bxc6 12. Qc4 Qd5 13. Qxd5 cxd5 14. Ne5 Bf5 15. d3 0-0 16. 0-0 Bc8 17. Bd2 Bd6 18. Rae1 Bb7 19. b3 Rac8 20. Bc3 Rc7 21. Nef3 Nd7 22. Nh4 g6 23. Nhf3 h6 24. Nh3 g5 25. Nf2 d4 26. Ba5 Rc6 27. Ne4 Bf4 28. Bd2 f5 29. Ng3 Bc7 30. Re7 Bc8 31. Nh5 Rg6 32. Rfe1 Bb8 33. Re8 Nb6 34. Rxf8+ Kxf8 35. Ne5 Re6 36. Nc4 Kf7 37. Ng3 Nxc4 38. dxc4 Rxe1+ 39. Bxe1 Kf6 40. Ne2 Ke5 41. Nc1 Ke4 42. Nd3 Ke3 43. Nxc5 Ke2 44. Nd3 Kd1 45. Bf2 Kxc2 46. Nb4+ Kb1 47. Bxd4 Bb7 48. a4 a5 49. Nd5 1/2-1/2

[Event "SVK-chT1E 2223"]
[Site "Slovakia"]
[Date "2023.11.25"]
[Round "3.2"]
[White "Verbovsky, Michal"]
[Black "Butkiewicz, Lukasz"]
[Result "1-0"]
[WhiteElo "2147"]
[BlackElo "2338"]
[PlyCount "91"]
[EventDate "2023.10.21"]
[EventType "team-tourn"]
[EventRounds "11"]
[EventCountry "SVK"]
[SourceTitle "EXT 2025"]
[Source "ChessBase"]
[SourceDate "2024.10.14"]
[SourceVersion "1"]
[SourceVersionDate "2024.10.14"]
[SourceQuality "1"]
[WhiteTeam "Stropkov/Svidnik"]
[BlackTeam "Dunajov Martin"]
[WhiteTeamCountry "SVK"]
[BlackTeamCountry "SVK"]

1. e4 c5 2. Nc3 a6 3. g3 Nc6 4. Bg2 g6 5. d3 Bg7 6. Be3 d6 7. Qd2 Rb8 8. Nge2 Nd4 9. 0-0 e6 10. Bg5 Ne7 11. Nxd4 cxd4 12. Ne2 h6 13. Bxe7 Qxe7 14. Qb4 b5 15. f4 Qc7 16. g4 0-0 17. Qd2 Bf6 18. Rf2 Bd7 19. g5 hxg5 20. fxg5 Be5 21. Nf4 Qd8 22. Ne2 b4 23. Raf1 Rb5 24. Bf3 Kg7 25. Bg4 Qe7 26. Rf6 Rh8 27. h3 Kg8 28. Kg2 Be8 29. R1f2 Bxf6 30. gxf6 Qa7 31. Qf4 e5 32. Qg5 Rc5 33. Ng3 Qc7 34. Qd2 Bd7 35. Nf5 Kf8 36. Ne7 a5 37. Nd5 Qb7 38. Ne7 Ke8 39. Nxg6 Rg8 40. Ne7 Rf8 41. Qh6 Bxg4 42. hxg4 Qc7 43. Nf5 Rg8 44. Qg7 Rf8 45. Kg3 d5 46. Rh2 1-0